Forms and Functions of Self-Repetitions in Spoken Discourse: A Corpus Linguistics Analysis of L1 and L2 English
Sebaopakovania ako kompenzačná stratégia majú potenciálne silný vplyv na udržanie komunikácie v kontextoch úrovní L1 a L2. Podrobením dvoch porovnateľných korpusov kontrastnej medzijazykovej analýze sa v tejto štúdii skúmalo využitie sebaopakovania osobami hovoriacimi anglicky a turecky na úrovni L1...
Saved in:
| Main Author: | |
|---|---|
| Other Authors: | |
| Format: | Book Chapter |
| Language: | English |
| Subjects: | |
| Tags: |
No Tags, Be the first to tag this record!
|
MARC
| LEADER | 00000naa a2200000 4500 | ||
|---|---|---|---|
| 001 | 0287120 | ||
| 005 | 20240426092116.9 | ||
| 041 | 0 | |a eng | |
| 044 | |a PL | ||
| 245 | 1 | 0 | |a Forms and Functions of Self-Repetitions in Spoken Discourse: A Corpus Linguistics Analysis of L1 and L2 English |c Ilyas Yakut, Fatma Yuvayapan |
| 520 | |a Sebaopakovania ako kompenzačná stratégia majú potenciálne silný vplyv na udržanie komunikácie v kontextoch úrovní L1 a L2. Podrobením dvoch porovnateľných korpusov kontrastnej medzijazykovej analýze sa v tejto štúdii skúmalo využitie sebaopakovania osobami hovoriacimi anglicky a turecky na úrovni L1 a ich štrukturálne a funkčné distribúcie. | ||
| 610 | 2 | 0 | |a jazyky cudzie |
| 610 | 2 | 0 | |a jazykoveda |
| 610 | 2 | 0 | |a jazyk materinský |
| 610 | 2 | 0 | |a angličtina |
| 610 | 2 | 0 | |a kultúra |
| 610 | 2 | 0 | |a korpus lingvistický |
| 100 | 1 | |a Yakut, Ilyas | |
| 700 | 1 | |a Yuvayapan, Fatma | |